Food Reactions - Statistics

General Stats
  • This quiz has been taken 4 times
  • The average score is 5 of 9
Answer Stats
Food reactions % Correct
Liked it
100%
Loved it!
100%
all time favorite
50%
Didn’t like it
50%
super all time favorite
50%
Worst
50%
Worst Ever
50%
Didn’t like it at all
25%
Liked it a lot
25%
No matching quizzes found
Score Distribution
Percent of People with Each Score
Percentile by Number Answered
Your Score History
You have not taken this quiz